000 00450 a2200193 4500
001 127835
020 _a9788596008938
040 _cEscola Canadense de Niteroi
090 _aTeachers
100 _aCampos, Maria Inês Batista
245 1 0 _a360º Língua Portuguesa: esfera das linguagens
250 _a1. ed.
260 _aSão Paulo
300 _bil.
362 0 _a2017
490 0 _a360º
650 4 _aLíngua Portuguesa
942 _cBK
999 _c127835
_d127835